|
|
|
|
| LEADER |
00000nam a22000007a 4500 |
| 005 |
20130115174231.0 |
| 007 |
cr|||| |||| |
| 008 |
130115e2012 sp |||||s|||| 00||0 spa d |
| 020 |
|
|
|a 978-84-9982-910-4
|
| 035 |
|
|
|a 6945
|
| 040 |
|
|
|a vLex
|
| 090 |
|
|
|c 3522
|d 3522
|
| 100 |
1 |
0 |
|a Sena Fernǹdez, Francisco
|
| 245 |
1 |
0 |
|a ¿Conoce el Registro de la Propiedad?
|h [Recurso electrn̤ico]
|
| 256 |
|
|
|6 Servicio en ln̕ea
|
| 260 |
|
|
|a Madrid :
|b Dykinson,
|c 2012
|
| 300 |
|
|
|a 1 Recurso electrn̤ico
|
| 650 |
0 |
4 |
|a Registro de la propiedad
|
| 650 |
0 |
4 |
|a Derecho inmobiliario registral
|
| 650 |
0 |
4 |
|a Derecho hipotecario
|
| 740 |
|
|
|a vLex libros (Servicio en ln̕ea)
|
| 856 |
|
|
|a Acceso restringido
|u http://www.vlex.com/source/6945
|
| 942 |
|
|
|c BOOK
|
| 999 |
|
0 |
|a Registration and transfer
|